000 00789nam a2200265Ia 4500
003 OSt
005 20220928123944.0
006 a|||||r|||| 00| 0
007 ta
008 220927b |||||||| |||| 00| 0 eng d
020 _cINR 499.00
024 _a134192
037 _b0267, 08/03/2017, Bookwell Publications
_cTextual
040 _aSDCL
_cSDCL
_beng
041 _2eng
_aeng
082 _az, P9 LR
100 _aLevitt Steven D.
_9432695
245 0 _aSuper freakonomics
260 _aNew Delhi
_bPenguin Books
_c2009
300 _axv,270p.
_ccm.
650 _aReference
700 _a Dubner Stephen J.
_9432696
942 _hz, P9 LR
_cTEXL
_2CC
999 _c775556
_d775556